Statistics for Города Кемеровской области

Click here to take the quiz!

General Stats

  • This quiz has been taken 28 times
  • The average score is 9 of 20

Answer Stats

НаселениеГород% Correct
549 362Кемерово
100%
537 480Новокузнецк
96%
177 819Прокопьевск
54%
83 431Киселёвск
54%
79 693Юрга
54%
96 174Междуреченск
50%
92 244Ленинск-Кузнецкий
50%
27 158Топки
42%
40 779Мариинск
42%
68 542Белово
42%
22 134Гурьевск
38%
66 583Анжеро-Судженск
35%
22 375Тайга
35%
40 367Осинники
31%
40 109Мыски
27%
25 631Полысаево
27%
21 980Таштагол
27%
21 752Калтан
27%
44 073Берёзовский
23%
7 088Салаир
23%

Score Distribution

Percentile by Number Answered

Percent of People with Each Score

Your Score History

You have not taken this quiz